00311nam a2200133Ia 4500008004100000020001500041041001200056082001600068100002000084245002900104260002400133300000800157650001200165221030s9999 xx 000 0 und d a0140017720 aEnglish a105.23bWod aP. G. Wodehouse 4aThe Clicking of Culhbert bPenguin booksc1922 a204 aGeneral